000 00729 a2200193 4500
001 130603
020 _a85-02-02135-4
040 _cLeonardo Da Vinci
041 _aPortuguês
082 _a346.01 D612c
_bD612c
100 _aDINIZ, Maria Helena
245 _aCurso de Direito Civil Brasileiro
_bdireito das Coisas
250 _a14.ed v.4
260 _bSaraiva
_c1999
_aSão Paulo
300 _a513
362 _a19990000
697 _aDireito Civil
_aDireito de família
_aDireito das coisas
_aDireito da sucessão
_aLeis
_aLegislação
_aResponsabilidade Civil
_aResponsabilidade Moral
_aResponsabilidade Jurídica
_aResponsabilidade Penal
_aResponsabilidade Contratual
_aResponsabilidade Excontratual
_aBrasil
_aFIPEN
942 _cBK
999 _c130603
_d130603